| 000 | 00382nam a22001697a 4500 | ||
|---|---|---|---|
| 003 | SGT | ||
| 005 | 20260525152509.0 | ||
| 020 | _a9780323911269 | ||
| 082 |
_a615.1 _bM22D |
||
| 100 | _aDEEP, AAKASH | ||
| 245 | _aMEDICAL DEVICE REGULATIONS | ||
| 260 |
_aINDIA _bELSEVIER _c2022 |
||
| 300 | _a171 | ||
| 650 | _aPHARMACY | ||
| 653 | _aMEDICAL, DEVICE, REGULATIONS | ||
| 942 |
_2ddc _cBK |
||
| 999 |
_c34894 _d34894 |
||